[Event "British Rapidplay Championship 2023"]
[Site "Mercure Bradford, Bankfield Hotel"]
[Date "2023.04.15"]
[Round "6.13"]
[White "Monterde, Angel"]
[Black "Cuaresma, Bien"]
[Result "1-0"]
[TimeControl "All moves in 15 minutes plus 10 second increment per move from move 1"]
[WhiteElo "1646"]
[BlackElo "1606"]

1. f4 {[%clk 00:15:16]} {[%emt 00:00:03]} d6 {[%clk 00:15:16]} {[%emt
00:00:04]} 2. Nf3 {[%clk 00:15:23]} {[%emt 00:00:03]} c6 {[%clk 00:15:10]}
{[%emt 00:00:16]} 3. b3 {[%clk 00:15:19]} {[%emt 00:00:14]} Nf6 {[%clk
00:15:13]} {[%emt 00:00:07]} 4. Bb2 {[%clk 00:15:27]} {[%emt 00:00:02]} Nbd7
{[%clk 00:15:15]} {[%emt 00:00:08]} 5. e3 {[%clk 00:15:11]} {[%emt 00:00:26]}
e6 {[%clk 00:15:00]} {[%emt 00:00:25]} 6. d4 {[%clk 00:14:54]} {[%emt
00:00:27]} b5 {[%clk 00:14:47]} {[%emt 00:00:24]} 7. Bd3 {[%clk 00:14:45]}
{[%emt 00:00:18]} a5 {[%clk 00:14:51]} {[%emt 00:00:06]} 8. O-O {[%clk
00:14:11]} {[%emt 00:00:44]} Nd5 {[%clk 00:14:25]} {[%emt 00:00:37]} 9. Qe1
{[%clk 00:13:11]} {[%emt 00:01:09]} Be7 {[%clk 00:14:31]} {[%emt 00:00:03]} 10.
Nbd2 {[%clk 00:13:01]} {[%emt 00:00:21]} Nb4 {[%clk 00:14:37]} {[%emt
00:00:03]} 11. e4 {[%clk 00:11:56]} {[%emt 00:01:16]} a4 {[%clk 00:13:58]}
{[%emt 00:00:49]} 12. a3 {[%clk 00:10:02]} {[%emt 00:02:03]} Nxd3 {[%clk
00:13:47]} {[%emt 00:00:20]} 13. cxd3 {[%clk 00:10:10]} {[%emt 00:00:04]} c5
{[%clk 00:13:45]} {[%emt 00:00:12]} 14. d5 {[%clk 00:09:02]} {[%emt 00:01:18]}
O-O {[%clk 00:13:01]} {[%emt 00:00:53]} 15. Qg3 {[%clk 00:08:27]} {[%emt
00:00:46]} g6 {[%clk 00:12:39]} {[%emt 00:00:32]} 16. dxe6 {[%clk 00:07:03]}
{[%emt 00:01:34]} fxe6 {[%clk 00:12:46]} {[%emt 00:00:03]} 17. Ng5 {[%clk
00:07:11]} {[%emt 00:00:03]} Bxg5 {[%clk 00:12:13]} {[%emt 00:00:42]} 18. fxg5
{[%clk 00:07:19]} {[%emt 00:00:03]} e5 {[%clk 00:12:08]} {[%emt 00:00:14]} 19.
h4 {[%clk 00:06:18]} {[%emt 00:01:12]} Qe7 {[%clk 00:11:16]} {[%emt 00:01:01]}
20. bxa4 {[%clk 00:03:59]} {[%emt 00:02:29]} Rxa4 {[%clk 00:10:56]} {[%emt
00:00:21]} 21. Rf3 {[%clk 00:04:02]} {[%emt 00:00:15]} Rxf3 {[%clk 00:11:00]}
{[%emt 00:00:06]} 22. Nxf3 {[%clk 00:04:10]} {[%emt 00:00:03]} Nf8 {[%clk
00:10:26]} {[%emt 00:00:44]} 23. Rf1 {[%clk 00:03:41]} {[%emt 00:00:40]} Bb7
{[%clk 00:09:40]} {[%emt 00:00:55]} 24. h5 {[%clk 00:03:27]} {[%emt 00:00:24]}
c4 {[%clk 00:09:08]} {[%emt 00:00:42]} 25. d4 {[%clk 00:03:01]} {[%emt
00:00:36]} Bxe4 {[%clk 00:08:08]} {[%emt 00:01:09]} 26. dxe5 {[%clk 00:03:09]}
{[%emt 00:00:03]} d5 {[%clk 00:07:57]} {[%emt 00:00:22]} 27. e6 {[%clk
00:02:39]} {[%emt 00:00:39]} c3 {[%clk 00:06:29]} {[%emt 00:01:39]} 28. Bxc3
{[%clk 00:02:40]} {[%emt 00:00:08]} Qc5+ {[%clk 00:06:37]} {[%emt 00:00:01]} 29.
Bd4 {[%clk 00:02:37]} {[%emt 00:00:14]} Rxd4 {[%clk 00:06:42]} {[%emt
00:00:05]} 30. Nxd4 {[%clk 00:02:40]} {[%emt 00:00:07]} Qxd4+ {[%clk 00:06:49]}
{[%emt 00:00:02]} 31. Kh1 {[%clk 00:02:46]} {[%emt 00:00:05]} Bxg2+ {[%clk
00:06:02]} {[%emt 00:00:57]} 32. Kxg2 {[%clk 00:02:35]} {[%emt 00:00:21]} Qe4+
{[%clk 00:06:09]} {[%emt 00:00:03]} 33. Kh2 {[%clk 00:02:29]} {[%emt 00:00:16]}
Qxe6 {[%clk 00:05:37]} {[%emt 00:00:40]} 34. h6 {[%clk 00:02:18]} {[%emt
00:00:23]} d4 {[%clk 00:02:47]} {[%emt 00:03:00]} 35. Qf4 {[%clk 00:01:46]}
{[%emt 00:00:42]} Nd7 {[%clk 00:02:23]} {[%emt 00:00:34]} 36. Rf2 {[%clk
00:01:33]} {[%emt 00:00:23]} Qe5 {[%clk 00:02:24]} {[%emt 00:00:08]} 37. Qxe5
{[%clk 00:01:34]} {[%emt 00:00:10]} Nxe5 {[%clk 00:02:32]} {[%emt 00:00:02]} 38.
Kg3 {[%clk 00:01:29]} {[%emt 00:00:14]} d3 {[%clk 00:02:27]} {[%emt 00:00:17]}
39. Rd2 {[%clk 00:01:29]} {[%emt 00:00:08]} Kf7 {[%clk 00:02:32]} {[%emt
00:00:06]} 40. Kf4 {[%clk 00:01:37]} {[%emt 00:00:01]} Ke6 {[%clk 00:02:41]} 41.
Ke4 {[%clk 00:01:38]} {[%emt 00:00:10]} Nf7 {[%clk 00:01:08]} {[%emt 00:01:44]}
42. Rxd3 {[%clk 00:01:11]} {[%emt 00:00:37]} Nxg5+ {[%clk 00:01:16]} {[%emt
00:00:02]} 43. Kf4 {[%clk 00:01:04]} {[%emt 00:00:17]} Nf7 {[%clk 00:01:16]}
{[%emt 00:00:09]} 44. Rb3 {[%clk 00:01:01]} {[%emt 00:00:14]} Nd6 {[%clk
00:01:08]} {[%emt 00:00:18]} 45. Re3+ {[%clk 00:01:01]} {[%emt 00:00:11]} Kf6
{[%clk 00:00:57]} {[%emt 00:00:20]} 46. Rd3 {[%clk 00:00:49]} {[%emt 00:00:23]}
Ke6 {[%clk 00:00:58]} {[%emt 00:00:08]} 47. Rc3 {[%clk 00:00:42]} {[%emt
00:00:16]} Kd7 {[%clk 00:00:39]} {[%emt 00:00:30]} 48. Ke5 {[%clk 00:00:37]}
{[%emt 00:00:15]} Nc4+ {[%clk 00:00:36]} {[%emt 00:00:13]} 49. Ke4 {[%clk
00:15:10]} {[%emt 00:01:19]} 1-0

[Event "British Rapidplay Championship 2023"]
[Site "Mercure Bradford, Bankfield Hotel"]
[Date "2023.04.15"]
[Round "6.14"]
[White "Day, Paul G"]
[Black "McKay, Jonathan"]
[Result "1-0"]
[TimeControl "All moves in 15 minutes plus 10 second increment per move from move 1"]
[WhiteElo "1627"]
[BlackElo "1796"]

1. d4 {[%clk 00:15:17]} {[%emt 00:00:03]} Nf6 {[%clk 00:15:16]} {[%emt
00:00:05]} 2. Bf4 {[%clk 00:15:24]} {[%emt 00:00:02]} g6 {[%clk 00:15:22]}
{[%emt 00:00:04]} 3. e3 {[%clk 00:15:25]} {[%emt 00:00:10]} Bg7 {[%clk
00:15:25]} {[%emt 00:00:07]} 4. Nf3 {[%clk 00:15:28]} {[%emt 00:00:06]} O-O
{[%clk 00:15:26]} {[%emt 00:00:09]} 5. h4 {[%clk 00:15:31]} {[%emt 00:00:07]}
d6 {[%clk 00:15:07]} {[%emt 00:00:29]} 6. h5 {[%clk 00:15:39]} {[%emt
00:00:03]} Nxh5 {[%clk 00:15:05]} {[%emt 00:00:10]} 7. Rxh5 {[%clk 00:15:46]}
{[%emt 00:00:04]} gxh5 {[%clk 00:15:10]} {[%emt 00:00:06]} 8. Bd3 {[%clk
00:15:47]} {[%emt 00:00:08]} Bg4 {[%clk 00:14:57]} {[%emt 00:00:22]} 9. Nbd2
{[%clk 00:15:26]} {[%emt 00:00:33]} Nd7 {[%clk 00:14:42]} {[%emt 00:00:24]} 10.
c3 {[%clk 00:15:19]} {[%emt 00:00:17]} Qe8 {[%clk 00:12:55]} {[%emt 00:01:55]}
11. Qc2 {[%clk 00:14:48]} {[%emt 00:00:43]} h6 {[%clk 00:11:13]} {[%emt
00:01:52]} 12. O-O-O {[%clk 00:14:37]} {[%emt 00:00:22]} e5 {[%clk 00:10:49]}
{[%emt 00:00:32]} 13. dxe5 {[%clk 00:14:02]} {[%emt 00:00:46]} dxe5 {[%clk
00:10:31]} {[%emt 00:00:29]} 14. Bg3 {[%clk 00:12:25]} {[%emt 00:01:47]} Nc5
{[%clk 00:10:11]} {[%emt 00:00:26]} 15. Bf5 {[%clk 00:11:53]} {[%emt 00:00:45]}
Rd8 {[%clk 00:08:10]} {[%emt 00:02:11]} 16. Rh1 {[%clk 00:11:39]} {[%emt
00:00:24]} Bxf5 {[%clk 00:06:59]} {[%emt 00:01:20]} 17. Qxf5 {[%clk 00:11:41]}
{[%emt 00:00:08]} Nd3+ {[%clk 00:06:54]} {[%emt 00:00:16]} 18. Kb1 {[%clk
00:11:07]} {[%emt 00:00:44]} Qb5 {[%clk 00:06:13]} {[%emt 00:00:50]} 19. Nb3
{[%clk 00:11:14]} {[%emt 00:00:04]} a5 {[%clk 00:05:44]} {[%emt 00:00:38]} 20.
Rxh5 {[%clk 00:10:24]} {[%emt 00:01:00]} Qb6 {[%clk 00:04:22]} {[%emt
00:01:29]} 21. Nxe5 {[%clk 00:09:08]} {[%emt 00:01:29]} Nxe5 {[%clk 00:04:17]}
{[%emt 00:00:15]} 22. Bxe5 {[%clk 00:09:16]} {[%emt 00:00:03]} Qg6 {[%clk
00:04:07]} {[%emt 00:00:19]} 23. Bxg7 {[%clk 00:09:13]} {[%emt 00:00:14]} Kxg7
{[%clk 00:03:47]} {[%emt 00:00:29]} 24. Qxg6+ {[%clk 00:09:14]} {[%emt
00:00:10]} fxg6 {[%clk 00:03:52]} {[%emt 00:00:05]} 25. Rxa5 {[%clk 00:09:22]}
{[%emt 00:00:02]} Rxf2 {[%clk 00:03:57]} {[%emt 00:00:04]} 26. Nd4 {[%clk
00:09:17]} {[%emt 00:00:16]} Re8 {[%clk 00:03:55]} {[%emt 00:00:10]} 27. Ra7
{[%clk 00:08:31]} {[%emt 00:00:59]} Rxe3 {[%clk 00:03:58]} {[%emt 00:00:05]} 28.
a4 {[%clk 00:08:39]} {[%emt 00:00:03]} Rxg2 {[%clk 00:03:47]} {[%emt 00:00:20]}
29. Rxb7 {[%clk 00:08:46]} {[%emt 00:00:04]} Re7 {[%clk 00:02:27]} {[%emt
00:01:29]} 30. a5 {[%clk 00:08:51]} {[%emt 00:00:06]} Rg1+ {[%clk 00:01:55]}
{[%emt 00:00:41]} 31. Ka2 {[%clk 00:09:00]} {[%emt 00:00:02]} Ree1 {[%clk
00:01:41]} {[%emt 00:00:23]} 32. Rxc7+ {[%clk 00:09:03]} {[%emt 00:00:08]} Kf6
{[%clk 00:01:45]} {[%emt 00:00:04]} 33. Kb3 {[%clk 00:08:46]} {[%emt 00:00:29]}
Ra1 {[%clk 00:01:51]} {[%emt 00:00:03]} 34. Kb4 {[%clk 00:08:47]} {[%emt
00:00:11]} h5 {[%clk 00:01:47]} {[%emt 00:00:13]} 35. Rc6+ {[%clk 00:08:50]}
{[%emt 00:00:07]} Kg7 {[%clk 00:01:41]} {[%emt 00:00:15]} 36. a6 {[%clk
00:08:49]} {[%emt 00:00:12]} h4 {[%clk 00:01:26]} {[%emt 00:00:25]} 37. Nf3
{[%clk 00:08:52]} {[%emt 00:00:08]} Rg4+ {[%clk 00:01:31]} {[%emt 00:00:04]} 38.
c4 {[%clk 00:09:00]} {[%emt 00:00:03]} h3 {[%clk 00:01:22]} {[%emt 00:00:17]}
39. Rc7+ {[%clk 00:09:04]} {[%emt 00:00:07]} Kf6 {[%clk 00:01:19]} {[%emt
00:00:12]} 40. Kb5 {[%clk 00:09:03]} {[%emt 00:00:13]} Rg2 {[%clk 00:01:12]}
{[%emt 00:00:16]} 41. b4 {[%clk 00:09:05]} {[%emt 00:00:09]} Rf2 {[%clk
00:01:14]} {[%emt 00:00:06]} 42. Rc6+ {[%clk 00:09:11]} {[%emt 00:00:05]} Kf5
{[%clk 00:01:05]} {[%emt 00:00:19]} 43. Nd4 {[%clk 00:09:19]} {[%emt 00:00:03]}
Ke4 {[%clk 00:01:01]} {[%emt 00:00:10]} 44. Nb3 {[%clk 00:09:09]} {[%emt
00:00:23]} Ra3 {[%clk 00:00:35]} {[%emt 00:00:34]} 45. Nc5+ {[%clk 00:09:17]}
{[%emt 00:00:03]} Ke3 {[%clk 00:00:25]} {[%emt 00:00:18]} 46. Re6+ {[%clk
00:09:23]} {[%emt 00:00:06]} Kd4 {[%clk 00:00:24]} {[%emt 00:00:05]} 47. Rxg6
{[%clk 00:08:59]} {[%emt 00:00:39]} h2 {[%clk 00:00:18]} {[%emt 00:00:17]} 48.
Rg4+ {[%clk 00:09:05]} {[%emt 00:00:04]} Ke5 {[%clk 00:00:17]} {[%emt
00:00:11]} 49. Rh4 {[%clk 00:09:06]} {[%emt 00:00:09]} Kd6 {[%clk 00:00:15]}
{[%emt 00:00:11]} 50. Ne4+ {[%clk 00:09:14]} {[%emt 00:00:02]} 1-0

[Event "British Rapidplay Championship 2023"]
[Site "Mercure Bradford, Bankfield Hotel"]
[Date "2023.04.15"]
[Round "6.15"]
[White "Kairat, Alexander"]
[Black "Donahue, Randolph E"]
[Result "0-1"]
[TimeControl "All moves in 15 minutes plus 10 second increment per move from move 1"]
[WhiteElo "1618"]
[BlackElo "1722"]

1. e4 {[%clk 00:15:19]} e5 {[%clk 00:15:19]} {[%emt 00:00:02]} 2. Nf3 {[%clk
00:15:27]} {[%emt 00:00:02]} Nf6 {[%clk 00:15:27]} {[%emt 00:00:01]} 3. Nc3
{[%clk 00:15:35]} {[%emt 00:00:02]} Bb4 {[%clk 00:15:36]} 4. d3 {[%clk
00:15:44]} {[%emt 00:00:02]} Nc6 {[%clk 00:14:59]} {[%emt 00:00:47]} 5. Be3
{[%clk 00:15:46]} {[%emt 00:00:07]} d6 {[%clk 00:14:41]} {[%emt 00:00:28]} 6.
a3 {[%clk 00:15:45]} {[%emt 00:00:11]} Bxc3+ {[%clk 00:14:50]} {[%emt
00:00:02]} 7. bxc3 {[%clk 00:15:53]} {[%emt 00:00:02]} h6 {[%clk 00:14:47]}
{[%emt 00:00:12]} 8. Be2 {[%clk 00:16:00]} {[%emt 00:00:04]} Be6 {[%clk
00:14:54]} {[%emt 00:00:02]} 9. Nd2 {[%clk 00:15:59]} {[%emt 00:00:12]} Ne7
{[%clk 00:14:28]} {[%emt 00:00:36]} 10. d4 {[%clk 00:16:05]} {[%emt 00:00:04]}
Ng6 {[%clk 00:14:11]} {[%emt 00:00:27]} 11. O-O {[%clk 00:15:53]} {[%emt
00:00:22]} O-O {[%clk 00:13:44]} {[%emt 00:00:37]} 12. Rb1 {[%clk 00:15:51]}
{[%emt 00:00:12]} b6 {[%clk 00:13:52]} {[%emt 00:00:02]} 13. d5 {[%clk
00:13:56]} {[%emt 00:02:05]} Bd7 {[%clk 00:13:52]} {[%emt 00:00:09]} 14. f3
{[%clk 00:13:28]} {[%emt 00:00:39]} Nh5 {[%clk 00:13:32]} {[%emt 00:00:30]} 15.
Bd3 {[%clk 00:12:04]} {[%emt 00:01:34]} Ngf4 {[%clk 00:10:36]} {[%emt
00:03:05]} 16. g3 {[%clk 00:11:47]} {[%emt 00:00:27]} Qg5 {[%clk 00:10:14]}
{[%emt 00:00:32]} 17. Kh1 {[%clk 00:11:08]} {[%emt 00:00:50]} Bh3 {[%clk
00:09:44]} {[%emt 00:00:39]} 18. Rg1 {[%clk 00:10:55]} {[%emt 00:00:20]} Nxd3
{[%clk 00:09:31]} {[%emt 00:00:26]} 19. cxd3 {[%clk 00:11:01]} {[%emt
00:00:04]} Qxe3 {[%clk 00:09:33]} {[%emt 00:00:08]} 20. Nc4 {[%clk 00:10:52]}
{[%emt 00:00:19]} Qc5 {[%clk 00:09:03]} {[%emt 00:00:40]} 21. f4 {[%clk
00:10:47]} {[%emt 00:00:15]} Nf6 {[%clk 00:08:39]} {[%emt 00:00:35]} 22. fxe5
{[%clk 00:10:08]} {[%emt 00:00:49]} Ng4 {[%clk 00:08:37]} {[%emt 00:00:12]} 23.
Rf1 {[%clk 00:09:57]} {[%emt 00:00:20]} Nf2+ {[%clk 00:08:22]} {[%emt
00:00:25]} 24. Rxf2 {[%clk 00:09:59]} {[%emt 00:00:09]} Qxf2 {[%clk 00:08:29]}
{[%emt 00:00:03]} 25. Qg1 {[%clk 00:10:05]} {[%emt 00:00:03]} Qf3+ {[%clk
00:08:32]} {[%emt 00:00:07]} 26. Qg2 {[%clk 00:10:11]} {[%emt 00:00:04]} Qxg2#
{[%clk 00:08:39]} {[%emt 00:00:03]} 0-1

[Event "British Rapidplay Championship 2023"]
[Site "Mercure Bradford, Bankfield Hotel"]
[Date "2023.04.15"]
[Round "6.16"]
[White "Rogers, Bernard A"]
[Black "Wood, Jack"]
[Result "1-0"]
[TimeControl "All moves in 15 minutes plus 10 second increment per move from move 1"]
[WhiteElo "1772"]
[BlackElo "1626"]

1. e4 {[%clk 00:15:17]} {[%emt 00:00:02]} e5 {[%clk 00:15:19]} {[%emt
00:00:01]} 2. Nf3 {[%clk 00:15:26]} {[%emt 00:00:02]} f5 {[%clk 00:15:26]}
{[%emt 00:00:02]} 3. Nxe5 {[%clk 00:15:34]} {[%emt 00:00:02]} Qf6 {[%clk
00:15:33]} {[%emt 00:00:04]} 4. d4 {[%clk 00:15:38]} {[%emt 00:00:06]} fxe4
{[%clk 00:14:25]} {[%emt 00:01:18]} 5. Nc3 {[%clk 00:15:36]} {[%emt 00:00:12]}
Bb4 {[%clk 00:14:24]} {[%emt 00:00:10]} 6. Bc4 {[%clk 00:15:03]} {[%emt
00:00:43]} Ne7 {[%clk 00:12:34]} {[%emt 00:02:00]} 7. O-O {[%clk 00:15:00]}
{[%emt 00:00:13]} Bxc3 {[%clk 00:12:30]} {[%emt 00:00:14]} 8. bxc3 {[%clk
00:15:08]} {[%emt 00:00:02]} d5 {[%clk 00:12:37]} {[%emt 00:00:04]} 9. Bb3
{[%clk 00:13:57]} {[%emt 00:01:21]} O-O {[%clk 00:12:15]} {[%emt 00:00:31]} 10.
c4 {[%clk 00:13:59]} {[%emt 00:00:08]} c6 {[%clk 00:12:23]} {[%emt 00:00:03]}
11. cxd5 {[%clk 00:14:05]} {[%emt 00:00:04]} cxd5 {[%clk 00:12:31]} {[%emt
00:00:01]} 12. c4 {[%clk 00:13:22]} {[%emt 00:00:54]} Be6 {[%clk 00:11:16]}
{[%emt 00:01:25]} 13. Ba3 {[%clk 00:13:09]} {[%emt 00:00:23]} dxc4 {[%clk
00:10:42]} {[%emt 00:00:44]} 14. Nxc4 {[%clk 00:11:30]} {[%emt 00:01:49]} Nbc6
{[%clk 00:10:10]} {[%emt 00:00:42]} 15. Bxe7 {[%clk 00:10:09]} {[%emt
00:01:31]} Qxe7 {[%clk 00:09:17]} {[%emt 00:01:03]} 16. Ne3 {[%clk 00:10:03]}
{[%emt 00:00:15]} Bxb3 {[%clk 00:08:46]} {[%emt 00:00:42]} 17. Qxb3+ {[%clk
00:10:03]} {[%emt 00:00:10]} Kh8 {[%clk 00:08:52]} {[%emt 00:00:03]} 18. d5
{[%clk 00:09:58]} {[%emt 00:00:15]} Ne5 {[%clk 00:08:09]} {[%emt 00:00:53]} 19.
Rad1 {[%clk 00:08:18]} {[%emt 00:01:51]} Nd3 {[%clk 00:08:00]} {[%emt
00:00:19]} 20. f3 {[%clk 00:07:53]} {[%emt 00:00:35]} Qc5 {[%clk 00:07:05]}
{[%emt 00:01:05]} 21. Rxd3 {[%clk 00:08:00]} {[%emt 00:00:03]} exd3 {[%clk
00:07:09]} {[%emt 00:00:06]} 22. Qxd3 {[%clk 00:08:08]} Rae8 {[%clk 00:07:00]}
{[%emt 00:00:19]} 23. Re1 {[%clk 00:08:16]} {[%emt 00:00:02]} Re5 {[%clk
00:06:18]} {[%emt 00:00:53]} 24. Kf2 {[%clk 00:07:56]} {[%emt 00:00:30]} Rfe8
{[%clk 00:06:01]} {[%emt 00:00:27]} 25. d6 {[%clk 00:07:41]} {[%emt 00:00:25]}
g6 {[%clk 00:04:06]} {[%emt 00:02:04]} 26. d7 {[%clk 00:07:36]} {[%emt
00:00:16]} Rd8 {[%clk 00:04:13]} {[%emt 00:00:02]} 27. Kf1 {[%clk 00:05:48]}
{[%emt 00:01:58]} Qe7 {[%clk 00:04:13]} {[%emt 00:00:10]} 28. Qc3 {[%clk
00:05:49]} {[%emt 00:00:09]} Kg8 {[%clk 00:03:36]} {[%emt 00:00:47]} 29. Ng4
{[%clk 00:05:46]} {[%emt 00:00:14]} Rxe1+ {[%clk 00:03:36]} {[%emt 00:00:09]}
30. Qxe1 {[%clk 00:05:55]} {[%emt 00:00:01]} Qxe1+ {[%clk 00:03:28]} {[%emt
00:00:19]} 31. Kxe1 {[%clk 00:06:04]} {[%emt 00:00:01]} h5 {[%clk 00:03:19]}
{[%emt 00:00:19]} 32. Ne5 {[%clk 00:06:09]} {[%emt 00:00:05]} Kg7 {[%clk
00:03:24]} {[%emt 00:00:04]} 33. f4 {[%clk 00:06:12]} {[%emt 00:00:07]} Kf6
{[%clk 00:03:22]} {[%emt 00:00:12]} 34. Ke2 {[%clk 00:06:19]} {[%emt 00:00:04]}
g5 {[%clk 00:02:48]} {[%emt 00:00:44]} 35. g3 {[%clk 00:05:42]} {[%emt
00:00:47]} h4 {[%clk 00:02:45]} {[%emt 00:00:12]} 36. Ke3 {[%clk 00:05:42]}
{[%emt 00:00:10]} hxg3 {[%clk 00:02:42]} {[%emt 00:00:13]} 37. hxg3 {[%clk
00:05:51]} {[%emt 00:00:01]} gxf4+ {[%clk 00:02:44]} {[%emt 00:00:08]} 38. gxf4
{[%clk 00:06:00]} {[%emt 00:00:02]} Ke6 {[%clk 00:02:37]} {[%emt 00:00:16]} 39.
Kd4 {[%clk 00:06:08]} {[%emt 00:00:02]} Rf8 {[%clk 00:01:52]} {[%emt 00:00:55]}
40. Ke4 {[%clk 00:06:05]} {[%emt 00:00:13]} Rd8 {[%clk 00:01:55]} {[%emt
00:00:08]} 41. a4 {[%clk 00:06:02]} {[%emt 00:00:13]} a6 {[%clk 00:01:49]}
{[%emt 00:00:16]} 42. a5 {[%clk 00:05:59]} {[%emt 00:00:12]} Rxd7 {[%clk
00:00:35]} {[%emt 00:01:24]} 43. Nxd7 {[%clk 00:06:07]} {[%emt 00:00:03]} Kxd7
{[%clk 00:00:44]} 44. Kd5 {[%clk 00:06:07]} {[%emt 00:00:10]} b5 {[%clk
00:00:12]} {[%emt 00:00:41]} 45. axb6 {[%clk 00:06:15]} {[%emt 00:00:02]} a5
{[%clk 00:00:20]} {[%emt 00:00:02]} 46. f5 {[%clk 00:06:14]} {[%emt 00:00:12]}
a4 {[%clk 00:00:28]} {[%emt 00:00:02]} 47. Kc4 {[%clk 00:06:20]} {[%emt
00:00:03]} Kc6 {[%clk 00:00:27]} {[%emt 00:00:11]} 48. f6 {[%clk 00:06:29]}
{[%emt 00:00:36]} 1-0

[Event "British Rapidplay Championship 2023"]
[Site "Mercure Bradford, Bankfield Hotel"]
[Date "2023.04.15"]
[Round "6.17"]
[White "Graff, Ben"]
[Black "De Silva, Sithun"]
[Result "1-0"]
[TimeControl "All moves in 15 minutes plus 10 second increment per move from move 1"]
[WhiteElo "1658"]
[BlackElo "1507"]

1. e4 {[%clk 00:15:17]} {[%emt 00:00:03]} e6 {[%clk 00:15:19]} {[%emt
00:00:02]} 2. d4 {[%clk 00:15:25]} {[%emt 00:00:02]} d5 {[%clk 00:15:28]} 3.
exd5 {[%clk 00:15:33]} {[%emt 00:00:02]} exd5 {[%clk 00:15:36]} {[%emt
00:00:02]} 4. Bd3 {[%clk 00:15:41]} {[%emt 00:00:02]} Bd6 {[%clk 00:15:44]}
{[%emt 00:00:02]} 5. Nf3 {[%clk 00:15:45]} {[%emt 00:00:05]} Nf6 {[%clk
00:15:53]} {[%emt 00:00:02]} 6. O-O {[%clk 00:15:53]} {[%emt 00:00:03]} O-O
{[%clk 00:16:01]} {[%emt 00:00:01]} 7. Bg5 {[%clk 00:15:51]} {[%emt 00:00:11]}
Bg4 {[%clk 00:16:10]} {[%emt 00:00:02]} 8. h3 {[%clk 00:15:54]} {[%emt
00:00:07]} Bh5 {[%clk 00:16:08]} {[%emt 00:00:12]} 9. Re1 {[%clk 00:15:39]}
{[%emt 00:00:25]} Nbd7 {[%clk 00:16:05]} {[%emt 00:00:13]} 10. Nbd2 {[%clk
00:15:24]} {[%emt 00:00:24]} c6 {[%clk 00:16:11]} {[%emt 00:00:06]} 11. c3
{[%clk 00:15:20]} {[%emt 00:00:14]} Qc7 {[%clk 00:15:43]} {[%emt 00:00:34]} 12.
Rc1 {[%clk 00:15:07]} {[%emt 00:00:25]} Rfe8 {[%clk 00:15:38]} {[%emt
00:00:16]} 13. Qc2 {[%clk 00:14:51]} {[%emt 00:00:26]} Bf4 {[%clk 00:14:24]}
{[%emt 00:01:24]} 14. Rxe8+ {[%clk 00:13:15]} {[%emt 00:01:46]} Rxe8 {[%clk
00:14:22]} {[%emt 00:00:12]} 15. Bxf4 {[%clk 00:12:44]} {[%emt 00:00:41]} Qxf4
{[%clk 00:14:16]} {[%emt 00:00:16]} 16. Re1 {[%clk 00:11:51]} {[%emt 00:01:01]}
Rxe1+ {[%clk 00:13:33]} {[%emt 00:00:54]} 17. Nxe1 {[%clk 00:11:59]} {[%emt
00:00:03]} Bg6 {[%clk 00:12:20]} {[%emt 00:01:23]} 18. Bxg6 {[%clk 00:11:54]}
{[%emt 00:00:15]} hxg6 {[%clk 00:12:26]} {[%emt 00:00:04]} 19. Nef3 {[%clk
00:11:39]} {[%emt 00:00:23]} Ne4 {[%clk 00:10:11]} {[%emt 00:02:24]} 20. Qd3
{[%clk 00:08:31]} {[%emt 00:03:19]} Ndf6 {[%clk 00:08:45]} {[%emt 00:01:38]} 21.
Qe3 {[%clk 00:08:13]} {[%emt 00:00:25]} Qxe3 {[%clk 00:07:53]} {[%emt
00:01:05]} 22. fxe3 {[%clk 00:08:21]} {[%emt 00:00:02]} Kf8 {[%clk 00:07:09]}
{[%emt 00:00:54]} 23. Kf1 {[%clk 00:07:42]} {[%emt 00:00:46]} Ke7 {[%clk
00:06:21]} {[%emt 00:01:01]} 24. Ke2 {[%clk 00:07:27]} {[%emt 00:00:23]} Ng3+
{[%clk 00:06:15]} {[%emt 00:00:17]} 25. Kd3 {[%clk 00:07:03]} {[%emt 00:00:35]}
Nfe4 {[%clk 00:06:09]} {[%emt 00:00:16]} 26. b3 {[%clk 00:06:49]} {[%emt
00:00:23]} Kd6 {[%clk 00:05:15]} {[%emt 00:01:01]} 27. c4 {[%clk 00:06:22]}
{[%emt 00:00:39]} b6 {[%clk 00:04:57]} {[%emt 00:00:27]} 28. Ne5 {[%clk
00:05:18]} {[%emt 00:01:13]} Nxd2 {[%clk 00:04:22]} {[%emt 00:00:49]} 29. Kxd2
{[%clk 00:05:15]} {[%emt 00:00:13]} dxc4 {[%clk 00:03:25]} {[%emt 00:01:06]} 30.
bxc4 {[%clk 00:05:13]} {[%emt 00:00:12]} c5 {[%clk 00:01:48]} {[%emt 00:01:47]}
31. Nxf7+ {[%clk 00:05:15]} {[%emt 00:00:09]} Ke6 {[%clk 00:00:49]} {[%emt
00:01:06]} 32. Ne5 {[%clk 00:05:04]} {[%emt 00:00:23]} Ne4+ {[%clk 00:00:42]}
{[%emt 00:00:18]} 33. Ke1 {[%emt 00:02:08]} 1-0